00689nam a2200181 4500001000700000003000900007005001700016007000300033008004100036100003900077245009800116260005900214300002100273500003900294852003300333999001900366952012200385137007ES-MaACL20230906195303.0t|070214s1985 sp r ||||1| spa d1 aSalán Padierna, Rosario.910171013aEl tributo de Antígona b: [selección de poemas inéditos] / cRosario Salán Padierna. a[S. l. : bs. n.], c1985 (eMadrid : fTomás Hnos.) a84 p. ; c21 cm. aDedicatoria autógrafa del autor. aES-MaACLjL-13054 bR.116353 c137007d137007 00104070aATENEOMbATENEOMcDEPO2d2008-01-17eSCl0oL-13054p1142579r2023-02-23 00:00:00w2023-02-23yMONOGRAFIA